000 00421nam a2200145Ia 4500
008 090124s9999 xx 000 0 und d
082 _b300778
245 _a मेतकुट भात
250 _a1
260 _bखोले ग. शं. (खोले गजानन शंकर)
_c1980
300 _a88
630 _a मेतकुट भात
730 _a मेतकुट भात
942 _cBOOK
999 _c190332
_d190332